书目信息 |
| 题名: |
最新英语语音训练大全
|
|
| 作者: | 皮亚科瓦 编著 ;董燕 , 艾洁 译 | |
| 分册: | ||
| 出版信息: | 北京 北京语言大学出版社 2009.05 |
|
| 页数: | 268页 | |
| 开本: | 26cm | |
| 丛书名: | ||
| 单 册: | ||
| 中图分类: | H311 | |
| 科图分类: | ||
| 主题词: | 英语--ying yu--语音--自学参考资料 | |
| 电子资源: | ||
| ISBN: | 978-7-5619-2383-2 | |
| 000 | 01178nam0 2200301 450 | |
| 001 | 012010809150 | |
| 005 | 20100524141903.15 | |
| 010 | @a978-7-5619-2383-2@dCNY37.00 (含光盘) | |
| 010 | @a978-7-88703-734-3@b光盘 | |
| 016 | @aCN-M04-09-0039-0@b光盘 | |
| 100 | @a20100524d2009 em y0chiy0120 ea | |
| 101 | 1 | @achi@ceng |
| 102 | @aCN@b110000 | |
| 105 | @ak z 000yy | |
| 106 | @ar | |
| 200 | 1 | @a最新英语语音训练大全@Azui xin ying yu yu yin xun lian da quan@fTamara Piankova编著@FTamara Piankova bian zhu@g董燕, 艾洁译@Gdong yan,ai jie yi |
| 210 | @a北京@c北京语言大学出版社@d2009.05 | |
| 215 | @a268页@d26cm@e光盘1片 | |
| 314 | @a责任者规范汉译姓 : 皮亚科瓦 | |
| 330 | @a本书为英语语音训练用书,其重点是提供大量语音训练,让学习者通过练习,获得较为地道的语音。书稿用英文撰写,解说部分有中文译文。全书内容丰富翔实,便于读者阅读。 | |
| 517 | 1 | @a英语语音训练大全@Aying yu yu yin xun lian da quan |
| 606 | 0 | @a英语@Aying yu@x语音@j自学参考资料 |
| 690 | @aH311@v4 | |
| 701 | 1 | @a皮亚科瓦@Api ya ke wa@g(Piankova, Tamara)@4编著 |
| 702 | 0 | @a董燕@Adong yan@4译 |
| 702 | 0 | @a艾洁@Aai jie@4译 |
| 801 | 0 | @aCN@bQSSK@c20100524 |
| 905 | @b779496-500@dH311@eP658@f5 | |
| 最新英语语音训练大全/Tamara Piankova编著/董燕, 艾洁译.-北京:北京语言大学出版社,2009.05 |
| 268页;26cm+光盘1片 |
| ISBN 978-7-5619-2383-2:CNY37.00 (含光盘) |
| 本书为英语语音训练用书,其重点是提供大量语音训练,让学习者通过练习,获得较为地道的语音。书稿用英文撰写,解说部分有中文译文。全书内容丰富翔实,便于读者阅读。 |
| ● |
| 相关链接 |
|
|
|
正题名:最新英语语音训练大全
索取号:H311/P658
 
预约/预借
| 序号 | 登录号 | 条形码 | 馆藏地/架位号 | 状态 | 备注 |
| 1 | 779496 | 207794966 | 语言库209/209语言库 101排6列3层/ [索取号:H311/P658] | 在馆 | |
| 2 | 779497 | 207794975 | 语言库209/209语言库 101排6列3层/ [索取号:H311/P658] | 在馆 | |
| 3 | 779498 | 207794984 | 语言库209/209语言库 101排6列3层/ [索取号:H311/P658] | 在馆 | |
| 4 | 779499 | 207794993 | 自科二线404/209语言库 101排5列3层/ [索取号:H311/P658] | 在馆 | |
| 5 | 779500 | 207795000 | 语言库209/209语言库 101排6列3层/ [索取号:H311/P658] | 在馆 |